000 00483nam a2200181Ia 4500
008 230524s9999 xx 000 0 und d
020 _a9781259002892
082 _bWAT
100 _aDonald Watson
_942896
245 0 _aFor Architectural Design : Technical Data for Professional Practice
250 _a1
260 _aNew Delhi
_bTMH
_c2011
300 _a"XII,131.6p;"
500 _aQuantity Number: 1
650 _aCivil
700 _aMichael J.Crosbie
_942897
942 _cBK
999 _c57866
_d57866